[Event "29th Open"]
[Site "Cappelle la Grande FRA"]
[Date "2013.03.01"]
[Round "8.57"]
[White "Daulyte,D"]
[Black "Manolache,M"]
[Result "1/2-1/2"]
[WhiteElo "2262"]
[BlackElo "2533"]

1.e4 g6 2.d4 Bg7 3.Nc3 d6 4.Be3 a6 5.f4 b5 6.a3 Nd7 7.Nf3 Bb7 8.Bd3 c5 9.d5 Ngf6
10.h3 O-O 11.O-O Rc8 12.Qe1 c4 13.Be2 Nc5 14.Nd2 e6 15.Bf3 exd5 16.exd5 Re8
17.Qf2 a5 18.Bd4 b4 19.axb4 axb4 20.Na4 b3 21.c3 Nd3 22.Bxf6 Qxf6 23.Qa7 Qxf4
24.Ne4 Rb8 25.Nb6 f5 26.Nd7 fxe4 27.Bg4 Qg3 28.Be6+ Kh8 29.Nxb8 Be5 30.Rf7 Nf4
31.Qf2 Bxd5 32.Qxg3 Ne2+ 33.Kf2 Bxg3+ 34.Kxe2 Bxe6 35.Rb7 e3 36.Raa7 Be5
37.Rxh7+ Kg8 38.Nc6 Bf6 39.Rhc7 Kf8 40.Kxe3 Bxc3 41.bxc3 b2 42.Rab7 b1=Q
43.Rxb1 Bf5+ 44.Re7 Bxb1 45.Rxe8+ Kxe8 46.Kd4 Bd3 47.g3 Bf1 48.h4 Kf7 49.Na5 g5
50.hxg5 Kg6 51.Nxc4 Bg2 52.Nxd6 Kxg5 53.Ne4+ Kg4 54.Ke3 Bf1 55.Kf2 Ba6 56.Nd6 Kg5
57.Kf3 Kf6 58.Kf4 Ke6 59.Nf5 Bd3 60.g4 Kd5 61.Ne3+ Ke6 62.g5 Bb1 63.Ng4 Kd5
64.Ne5 Bh7 65.Nd7 Kc4 66.Nf6 Bg6 67.Ke5 Kxc3 68.Nd5+ Kd2 69.Kf6 Be4 70.Ke5 Bh7
71.Nf6 Bg6 72.Ng8 Ke3 73.Ne7 Bh7 74.Nf5+ Kf3 75.Nh6 Kg3 76.Kf6 Kf4 77.Nf7 Bb1
78.Ne5 Bc2 79.Ng6+  1/2-1/2

[Event "29th Open"]
[Site "Cappelle la Grande FRA"]
[Date "2013.03.01"]
[Round "8.137"]
[White "Rubino,W"]
[Black "Fleurquin,Ba"]
[Result "1-0"]
[WhiteElo "2109"]
[BlackElo "1734"]

1.e4 g6 2.d4 Bg7 3.Nc3 d6 4.f4 f5 5.Nf3 fxe4 6.Nxe4 Bg4 7.c3 Nf6 8.Bd3 e5
9.fxe5 dxe5 10.Nxf6+ Bxf6 11.dxe5 Bg7 12.O-O O-O 13.Bc4+ Kh8 14.Qxd8 Rxd8
15.Ng5 Rf8 16.Nf7+ Rxf7 17.Rxf7 Bxe5 18.Rf8+ Kg7 19.Rg8+ Kf6 20.h4  1-0

[Event "29th Open"]
[Site "Cappelle la Grande FRA"]
[Date "2013.03.01"]
[Round "8.145"]
[White "Leks,M"]
[Black "Lefebvre,Jerome"]
[Result "1-0"]
[WhiteElo "2083"]
[BlackElo "1709"]

1.e4 g6 2.d4 d6 3.Nc3 Bg7 4.f4 Nf6 5.Nf3 b6 6.Bd3 Bb7 7.O-O O-O 8.Kh1 Nbd7
9.e5 dxe5 10.fxe5 Nd5 11.Nxd5 Bxd5 12.Qe2 e6 13.Ng5 h6 14.Ne4 Bxe4 15.Bxe4 Rc8
16.Be3 c5 17.c3 cxd4 18.cxd4 Qe7 19.Rf3 Kh7 20.Rg3 f5 21.exf6 Rxf6 22.Rh3 Rf7
23.Bxh6 Rh8 24.Bg5+  1-0

[Event "TCh-SVK Extraliga 2012-13"]
[Site "Slovakia SVK"]
[Date "2013.03.01"]
[Round "9.4"]
[White "Dudas,Jan1"]
[Black "Petran,Pe"]
[Result "0-1"]
[WhiteElo "2220"]
[BlackElo "2277"]

1.e4 g6 2.d4 Bg7 3.Nc3 d6 4.h3 Nd7 5.Nf3 c5 6.Bc4 cxd4 7.Nxd4 Ngf6 8.O-O O-O
9.Re1 a6 10.Bf1 Qc7 11.a4 e6 12.a5 Ne5 13.Be3 Bd7 14.Nb3 Bc6 15.f4 Ned7 16.Bd3 Rac8
17.Qe2 e5 18.Qf2 d5 19.exd5 Nxd5 20.Nxd5 Bxd5 21.c4 e4 22.cxd5 exd3 23.Bd4 Nf6
24.Rac1 Qd7 25.Qd2 Qxd5 26.Qxd3 Nh5 27.Qe3 Bxd4 28.Nxd4 Qxa5 29.Rxc8 Rxc8
30.f5 Qb6 31.fxg6 hxg6 32.Nf3 Qxe3+ 33.Rxe3 Rc2 34.b4 Rb2 35.Re4 Ng3 36.Rg4 Ne2+
37.Kf1 Nc3 38.Ne5 Nd5 39.Rd4 Ne3+ 40.Kg1 Rxg2+ 41.Kh1 Rb2 42.Rd8+ Kg7 43.Rd7 Kf6
44.Nxf7 Rxb4 45.Nd6 b6 46.Rb7 a5 47.Kg1 Ke6 48.Nc8 Nd5 49.Kf2 Rb3 50.Rg7 Nf4
51.h4 a4 52.Re7+ Kf5 53.Rb7 a3 54.Ra7 Kg4  0-1

[Event "29th ChessOrg Open"]
[Site "Bad Woerishofen GER"]
[Date "2013.03.02"]
[Round "2.73"]
[White "Engl,H"]
[Black "Ivanov,MM"]
[Result "1/2-1/2"]
[WhiteElo "2072"]
[BlackElo "2390"]

1.e4 g6 2.d4 Bg7 3.Nc3 d6 4.f3 a6 5.Be3 b5 6.Qd2 Nd7 7.d5 Bb7 8.Nge2 c5 9.dxc6 Bxc6
10.Nd4 Bb7 11.a4 bxa4 12.Nxa4 Ngf6 13.c4 O-O 14.Be2 e6 15.Nb3 Rb8  1/2-1/2

[Event "20th Bunratty Masters"]
[Site "Bunratty IRL"]
[Date "2013.03.02"]
[Round "4.6"]
[White "Gonzalez Gonzalez,A"]
[Black "Rawlinson,A"]
[Result "0-1"]
[WhiteElo "2117"]
[BlackElo "2171"]

1.e4 g6 2.d4 Bg7 3.Nc3 d6 4.Be3 a6 5.f3 Nd7 6.Qd2 b5 7.Nge2 Bb7 8.h4 h5 9.Nd1 Nb6
10.Nc1 Nf6 11.Nf2 Rc8 12.Nb3 Nfd7 13.O-O-O Na4 14.Na5 Ba8 15.b3 Nab6 16.g4 c5
17.gxh5 Rxh5 18.f4 cxd4 19.Bxd4 Bxd4 20.Qxd4 Qc7 21.Bd3 Nc5 22.Rd2 Ne6 23.Qb2 Nxf4
24.Kb1 Nd7 25.b4 Ne5 26.Rf1 Rxh4 27.Nd1 g5 28.Nb3 Rh3 29.Nf2 Rh2 30.Qd4 Nf3  0-1

[Event "TCh-ISL 2012-13"]
[Site "Reykjavik ISL"]
[Date "2013.03.02"]
[Round "7.1"]
[White "Kryvoruchko,Y"]
[Black "Gislason,G"]
[Result "1-0"]
[WhiteElo "2666"]
[BlackElo "2329"]

1.e4 g6 2.d4 Bg7 3.Nc3 d6 4.f4 a6 5.Nf3 b5 6.Bd3 Nd7 7.e5 e6 8.Ne4 Nb6 9.b3 Bb7
10.a4 b4 11.a5 Nd5 12.O-O Nge7 13.Bd2 Nf5 14.Qe1 h5 15.g3 Qd7 16.Rf2 Qc6
17.Bxb4 h4 18.Bd2 hxg3 19.hxg3 O-O-O 20.Rh2 dxe5 21.dxe5 f6 22.Ra4 Rxh2 23.Kxh2 Rh8+
24.Kg2 g5 25.fxg5 fxe5 26.c3 Qe8 27.Qe2 Qh5 28.Bxa6 Nde3+ 29.Bxe3 Nxe3+ 30.Kf2 Ng4+
31.Ke1 Qh1+ 32.Kd2 Rd8+ 33.Kc2 Qd1+ 34.Kb2 Qxe2+ 35.Bxe2 Ne3 36.Nc5 Nd1+
37.Bxd1 Rxd1 38.Nxb7 Kxb7 39.Kc2 Rh1 40.Rh4 Ra1 41.b4 e4 42.Rxe4  1-0

[Event "TCh-HUN 2012-13"]
[Site "Szombathely HUN"]
[Date "2013.03.03"]
[Round "8"]
[White "Ruck,T"]
[Black "Szieberth,A"]
[Result "1-0"]
[WhiteElo "2296"]
[BlackElo "2341"]

1.e4 g6 2.d4 Bg7 3.Nc3 d6 4.Be3 a6 5.Qd2 b5 6.a4 b4 7.Nd1 Nf6 8.f3 a5 9.c3 Ba6
10.Bxa6 Nxa6 11.Ne2 bxc3 12.bxc3 O-O 13.O-O c5 14.Nb2 Qc7 15.d5 Nd7 16.Nc4 Ne5
17.Qa2 Nb8 18.Nxe5 Bxe5 19.Rab1 Nd7 20.Rb5 Rab8 21.Rfb1 Bg7 22.c4 Rxb5 23.Rxb5 Ne5
24.Qb3 Qc8 25.Nf4 Bh6 26.Kf1 g5 27.Nd3 Nxf3 28.gxf3 f5 29.Nf2 fxe4 30.fxe4 Qh3+
31.Kg1 Qf3 32.Rb8 Rxb8 33.Qxb8+ Kf7 34.Bc1 Qc3 35.Bb2 Qe1+ 36.Kg2 g4 37.Qh8 Be3
38.Qxh7+ Ke8 39.Qg6+ Kd8 40.Nxg4 Qe2+ 41.Kg3 Bd2 42.Bg7 Qxc4 43.Nh6 Qf1 44.Qf7 Qg1+
45.Kh3 Qe3+ 46.Kg4 Qxe4+ 47.Kh5 Qg2 48.h4 c4 49.Nf5 Qe2+ 50.Kg6 c3 51.Nxe7 Qg4+
52.Kh7 Qd7 53.Nc6+ Kc7 54.Qf2 Kc8 55.Qf8+ Kb7 56.Qb8+ Ka6  1-0

[Event "29th ChessOrg Open"]
[Site "Bad Woerishofen GER"]
[Date "2013.03.04"]
[Round "4.73"]
[White "Engl,H"]
[Black "Dierich,J"]
[Result "1/2-1/2"]
[WhiteElo "2072"]
[BlackElo "1950"]

1.e4 g6 2.d4 Bg7 3.Nc3 d6 4.Be3 a6 5.Qd2 b5 6.f3 Nd7 7.d5 Bb7 8.Nge2 c5 9.dxc6 Bxc6
10.Nd4 Bb7 11.a4 bxa4 12.Nxa4 h5 13.Bc4 Ne5 14.Bb3 Nf6 15.O-O O-O 16.c4 Nfd7
17.Rac1 Rc8 18.Rfd1 Nc5 19.Nxc5 dxc5 20.Ne2 Qb6 21.Ba2 Rfd8 22.Qc2 Nc6 23.Nc3 Nd4
24.Qf2 e5  1/2-1/2

[Event "Zagreb Open A 2013"]
[Site "Zagreb CRO"]
[Date "2013.03.04"]
[Round "9.14"]
[White "Blazeka,M"]
[Black "Mrdja,M"]
[Result "1/2-1/2"]
[WhiteElo "2283"]
[BlackElo "2394"]

1.e4 g6 2.d4 Bg7 3.Nc3 d6 4.Be3 Nf6 5.Qd2 h6 6.h3 c6 7.Nf3 b5 8.Bd3 a6 9.a4 b4
10.Ne2 a5 11.e5 Nd5 12.Nf4 Nxf4 13.Bxf4 Be6 14.Qe3 g5 15.Bg3 d5 16.Nd2 Nd7
17.Nb3 Qc7 18.O-O Rc8 19.f4 gxf4 20.Bxf4 Qb6 21.Qg3 Bf8 22.Be3 h5 23.Bf5 h4
24.Qf2 Kd8 25.Rae1 Kc7 26.Bxe6 fxe6 27.Qf7 c5 28.dxc5 Qa6 29.c6 Qxc6 30.Nd4 Qa6
31.Nxe6+ Kb8 32.Nxf8 Nxf8 33.Qxe7 Ne6 34.c3 Rhe8 35.Qxh4 bxc3 36.bxc3 Rxc3
37.Rb1+ Ka8 38.Rfe1 Qc4 39.Qxc4 Rxc4 40.Rb5 d4 41.Reb1 Rxa4 42.Bd2 Rc8 43.Rxa5+ Rxa5
44.Bxa5 Rc5 45.Bd2 Rxe5 46.Re1 Rxe1+ 47.Bxe1 Kb7 48.Kf2 Kc6 49.Kf3 Kd5 50.h4 Nc5
51.h5 Nd3 52.Bg3 Ke6 53.Ke4 Nc5+ 54.Kxd4 Nd7 55.Bh4 Kf5 56.h6 Nf8 57.Bg3 Kg5
58.Bd6 Nh7 59.g3  1/2-1/2

[Event "29th ChessOrg Open"]
[Site "Bad Woerishofen GER"]
[Date "2013.03.07"]
[Round "7.11"]
[White "Pirrot,D"]
[Black "Buchal,S"]
[Result "1/2-1/2"]
[WhiteElo "2377"]
[BlackElo "2293"]

1.e4 g6 2.d4 Bg7 3.Nc3 d6 4.f4 Nf6 5.Nf3 c5 6.Bb5+ Bd7 7.e5 Ng4 8.Bxd7+ Qxd7
9.d5 dxe5 10.h3 e4 11.hxg4 exf3 12.Qxf3 Na6 13.Bd2 O-O-O 14.O-O-O Nc7 15.Be1 f5
16.gxf5 Qxf5 17.g4 Qf7 18.Bg3 h5 19.f5 hxg4 20.Qf4 Na6 21.Nb5 Rxd5 22.fxg6 Qxf4+
23.Bxf4 Rxh1  1/2-1/2

[Event "Jersey Masters 2013"]
[Site "St Clement Bay JCI"]
[Date "2013.03.07"]
[Round "3"]
[White "Simons,M"]
[Black "Taylor,RG"]
[Result "1/2-1/2"]
[WhiteElo "2159"]
[BlackElo "1964"]

1.d4 g6 2.e4 Bg7 3.Nc3 d6 4.Be3 Nf6 5.Nf3 O-O 6.Qd2 Re8 7.Bh6 Nbd7 8.h4 Bxh6
9.Qxh6 Ng4 10.Qd2 h5 11.Ng5 Nf8 12.f3 Nf6 13.O-O-O c6 14.Bc4 e6 15.g4 b5
16.Bd3 e5 17.d5 b4 18.Ne2 c5 19.Ng3 Qe7 20.Rdg1 Kh8 21.Rh2 a5 22.gxh5 gxh5
23.Nf5 Bxf5 24.exf5 N8h7 25.Rhg2 Rg8 26.Rg3 Rac8 27.Be4 c4 28.Qg2  1/2-1/2

[Event "116th YMCA Winter"]
[Site "Warsaw POL"]
[Date "2013.03.07"]
[Round "9"]
[White "Luksik,M"]
[Black "Choroszej,A"]
[Result "0-1"]
[WhiteElo "2099"]
[BlackElo "2097"]

1.Nc3 g6 2.d4 Bg7 3.e4 d6 4.Nf3 a6 5.a4 b6 6.Bc4 e6 7.O-O Ne7 8.Bg5 h6 9.Be3 Bb7
10.Qd2 Nd7 11.Rad1 g5 12.Qe2 Ng6 13.h3 O-O 14.Nh2 Kh7 15.Bd3 e5 16.Nf3 exd4
17.Nxd4 Bxd4 18.Bxd4 Nde5 19.Nd5 Bxd5 20.exd5 f5 21.g3 Qf6 22.Kh1 Qf7 23.c4 Rae8
24.Qh5 Nxd3 25.Rxd3 f4 26.Qd1 fxg3 27.Rxg3 Re4 28.Re1 Qf5 29.Rge3 Nh4 30.Qd3 Rxe3
31.Rxe3 Qxd3 32.Rxd3 Rf4 33.b3 Kg6 34.Be3 Rf3 35.Kh2 h5 36.Rd4 Kf5 37.Rd1 g4
38.hxg4+ hxg4 39.Rd3 Rh3+ 40.Kg1 Nf3+ 41.Kf1 Rh1+  0-1

[Event "Blackpool Congress 2013"]
[Site "Blackpool ENG"]
[Date "2013.03.08"]
[Round "1.2"]
[White "Doran,C"]
[Black "Ghasi,A"]
[Result "0-1"]
[WhiteElo "1971"]
[BlackElo "2452"]

1.e4 g6 2.d4 Bg7 3.Nc3 d6 4.Be3 Nd7 5.Qd2 a6 6.h4 Ngf6 7.f3 b5 8.Nh3 Bb7
9.O-O-O h6 10.Bd3 c5 11.dxc5 dxc5 12.e5 Nxe5 13.Bxc5 Qc7 14.Qe3 O-O 15.Rhe1 Nxd3+
16.Rxd3 Rac8 17.Bb6 Qc6 18.Ba5 Rfe8 19.Red1 Bf8 20.a3 e5 21.Bb4 Bg7 22.Nf2 e4
23.Nfxe4 Nxe4 24.fxe4 Qc4 25.Qf2 Bxe4 26.Nxe4 Rxe4 27.Rd7 Re2 28.Rd8+ Rxd8  0-1

[Event "TCh-AUT 2 East 2012-13"]
[Site "Austria AUT"]
[Date "2013.03.09"]
[Round "8.6"]
[White "Gattermayer,R"]
[Black "Bezuch,M"]
[Result "0-1"]
[WhiteElo "2004"]
[BlackElo "2291"]

1.e4 g6 2.d4 Bg7 3.Nc3 d6 4.Be3 a6 5.Qd2 Nd7 6.f4 b5 7.a3 Bb7 8.Nf3 Ngf6
9.d5 c6 10.Be2 O-O 11.O-O cxd5 12.exd5 Nb6 13.Bxb6 Qxb6+ 14.Kh1 Ng4 15.Bd3 Rac8
16.h3 Ne3 17.Rfe1 Nxd5 18.Nxd5 Bxd5 19.c3 Bxf3 20.gxf3 e6 21.Rg1 Qd8 22.Rg2 Qh4
23.Kh2 Bh6 24.Rg4 Qe7 25.Qg2 f5 26.Rxg6+ hxg6 27.Qxg6+ Qg7 28.Qxe6+ Kh8 29.Rg1 Bxf4+
30.Kh1 Qf7 31.Qe1 Qh5 32.Bf1 Qxf3+ 33.Rg2 Qxh3+  0-1

[Event "47th Begonia Open"]
[Site "Ballarat AUS"]
[Date "2013.03.09"]
[Round "1"]
[White "Tionko,E"]
[Black "Morris,J"]
[Result "0-1"]
[WhiteElo "1880"]
[BlackElo "2388"]

1.e4 g6 2.d4 Bg7 3.Nc3 d6 4.g3 Nc6 5.Be3 Nf6 6.h3 O-O 7.Bg2 e5 8.Nge2 exd4
9.Nxd4 Re8 10.O-O Bd7 11.Kh2 Ne5 12.Rb1 c6 13.Re1 Qa5 14.b4 Qc7 15.a4 a6
16.f4 Nc4 17.Bf2 Rad8 18.Qd3 b5 19.axb5 axb5 20.Ra1 h5 21.Ra6 Rb8 22.Rea1 h4
23.g4 d5 24.e5 Rxe5 25.Nf3 Ree8 26.Bxh4 Re3 27.Ra7 Qd6 28.Qf1 Rxc3 29.Bg3 Ne4
30.Re1 Nxg3 31.Kxg3 Bh6  0-1

[Event "TCh-CAT Div Hon 2013"]
[Site "Catalonia ESP"]
[Date "2013.03.09"]
[Round "8.7"]
[White "Vehi Bach,V"]
[Black "Borras Duran,Pe"]
[Result "1-0"]
[WhiteElo "2309"]
[BlackElo "2186"]

1.e4 g6 2.d4 Bg7 3.Nc3 d6 4.Be3 Nf6 5.f3 c6 6.Qd2 b5 7.g4 h5 8.g5 Nfd7 9.f4 Nb6
10.Nf3 d5 11.Ne5 b4 12.Nd1 dxe4 13.Qxb4 Qd6 14.Qd2 Bf5 15.Rg1 N8d7 16.Nc3 Nxe5
17.dxe5 Qxd2+ 18.Bxd2 O-O-O 19.Ba6+ Kc7 20.O-O-O f6 21.Rde1 fxe5 22.Nxe4 Rd4
23.Bd3 Nd5 24.fxe5 Bxe5 25.Nc5 Bxd3 26.Rxe5 Rc4 27.Nxd3 Rf8 28.Re6  1-0

[Event "TCh-CAT Div Hon 2013"]
[Site "Catalonia ESP"]
[Date "2013.03.09"]
[Round "8.9"]
[White "Espinoza Palomino,W"]
[Black "Fernandez Madrid,C"]
[Result "1-0"]
[WhiteElo "2284"]
[BlackElo "2160"]

1.e4 g6 2.d4 Bg7 3.Nc3 d6 4.f4 Nf6 5.Nf3 O-O 6.Bd3 Na6 7.O-O c5 8.d5 Bg4
9.h3 Bxf3 10.Rxf3 Nc7 11.a4 a6 12.a5 e6 13.dxe6 fxe6 14.Be3 Qe7 15.Qd2 d5
16.exd5 Nfxd5 17.Bf2 Nxc3 18.bxc3 Nd5 19.Bc4 Rad8 20.Re1 Nxf4 21.Qe3 Qf6
22.Qxc5 Kh8 23.Bd4 Rxd4 24.cxd4 Nxh3+ 25.Kf1 Nf4 26.g3 g5 27.gxf4 g4 28.Rf2 g3
29.Rf3 Qh4 30.Ke2 g2 31.Qg5 Qh2 32.Kd3 h6 33.Qg3 Qh1 34.Bxe6 Rd8 35.c3 Qh5
36.Qxg2 Qxa5 37.Rg1 Qb5+ 38.Kc2 Qa4+ 39.Bb3 Qd7 40.Rg3  1-0

[Event "TCh-NED Meesterklasse 2012-13"]
[Site "Netherland NED"]
[Date "2013.03.09"]
[Round "7.3"]
[White "Broekmeulen,Ja"]
[Black "Cuijpers,F"]
[Result "1/2-1/2"]
[WhiteElo "2410"]
[BlackElo "2445"]

1.e4 g6 2.d4 Bg7 3.Nc3 d6 4.Be3 Nf6 5.h3 c6 6.f4 Qa5 7.Qd2 b5 8.e5 b4 9.exf6 bxc3
10.fxg7 cxd2+ 11.Bxd2 Qxd2+ 12.Kxd2 Rg8 13.g4 Rxg7 14.Bg2 Bb7 15.Ne2 Nd7
16.c4 Rb8 17.b3 c5  1/2-1/2

[Event "Karpos Open 2013"]
[Site "Skopje MKD"]
[Date "2013.03.09"]
[Round "1.19"]
[White "Van Kampen,R"]
[Black "Arizanov,T"]
[Result "1-0"]
[WhiteElo "2592"]
[BlackElo "2099"]

1.e4 g6 2.d4 Bg7 3.Nc3 d6 4.Be3 Nf6 5.Qd2 O-O 6.f3 b6 7.O-O-O Ba6 8.Nge2 Nbd7
9.Bh6 c5 10.h4 Kh8 11.h5 Ng8 12.Bxg7+ Kxg7 13.hxg6 hxg6 14.Ng3 Bxf1 15.Nf5+  1-0

[Event "Jersey Masters 2013"]
[Site "St Clement Bay JCI"]
[Date "2013.03.09"]
[Round "7"]
[White "Brookfield,T"]
[Black "Pleasants,A"]
[Result "1/2-1/2"]
[WhiteElo "1859"]
[BlackElo "2039"]

1.e4 g6 2.d4 Bg7 3.Nc3 d6 4.Be3 a6 5.a4 Nd7 6.Nf3 h6 7.Bd3 e6 8.Qd2 Ne7 9.O-O Nc6
10.d5 Nce5 11.Nd4 Nf6 12.h3 Nxd3 13.cxd3 e5 14.Nde2 g5 15.Ng3 O-O 16.a5 Kh7
17.d4 Ng8 18.dxe5 dxe5 19.Nh5 Ne7 20.Nxg7 Kxg7 21.h4 f6 22.Rfd1 Ng6 23.hxg5 hxg5
24.d6 cxd6 25.Qxd6 Qxd6  1/2-1/2

[Event "Karpos Open 2013"]
[Site "Skopje MKD"]
[Date "2013.03.10"]
[Round "2.89"]
[White "Lakinska,Simona"]
[Black "Bozinovic,Bob"]
[Result "0-1"]
[WhiteElo "1673"]
[BlackElo "2051"]

1.e4 g6 2.d4 Bg7 3.Nc3 d6 4.f4 Nd7 5.Nf3 e6 6.Bd3 Ne7 7.O-O O-O 8.Be3 a6
9.a4 b6 10.Qe1 Bb7 11.Qg3 Nc6 12.f5 exf5 13.exf5 Nb4 14.Rad1 Nxd3 15.Rxd3 Nf6
16.fxg6 fxg6 17.Ng5 Qe7 18.Rdd1 Nh5 19.Rxf8+ Rxf8 20.Qe1 Re8 21.Kf2 Qf6+
22.Nf3 Bxf3 23.gxf3 Qh4+ 24.Kg1 Qxe1+ 25.Rxe1 Rxe3 26.Rxe3 Bxd4 27.Kf2 Nf4
28.b3 Kf7 29.b4 c6 30.b5 axb5 31.axb5 c5 32.Nd1 Nd5 33.c4 Nxe3 34.Nxe3 Ke6
35.Ke2 Bxe3 36.Kxe3 d5 37.cxd5+ Kxd5 38.Kd3 c4+ 39.Kc3 Kc5 40.h4 Kxb5  0-1

[Event "Karpos Open 2013"]
[Site "Skopje MKD"]
[Date "2013.03.10"]
[Round "3.4"]
[White "Safarli,E"]
[Black "Indjic,A"]
[Result "1-0"]
[WhiteElo "2638"]
[BlackElo "2502"]

1.e4 g6 2.d4 Bg7 3.Nc3 d6 4.g3 Nf6 5.Bg2 e5 6.dxe5 dxe5 7.Qxd8+ Kxd8 8.h3 Nbd7
9.Be3 c6 10.O-O-O Kc7 11.f4 Bh6 12.Nge2 Nh5 13.Bf3 Nxg3 14.Nxg3 exf4 15.Bd2 Ne5
16.Bg4 Rd8 17.Nf1 b6 18.Bxc8 Raxc8 19.Nh2 g5 20.Rdg1 Rd6 21.Ng4 Nf3 22.Nxh6 Nxg1
23.Nxf7 Nf3 24.Nxd6 Kxd6 25.Rf1 Nd4 26.Kd1 Ke5 27.Ne2 Ne6 28.Ng1 Rd8 29.Re1 h5
30.Nf3+ Kf6 31.Rg1 Rg8 32.Bc3+ Ke7 33.Ne5 Nc5 34.Nd3 Ne6 35.Bd2 Rd8 36.Ne5 Rd6
37.Nf3  1-0

[Event "Karpos Open 2013"]
[Site "Skopje MKD"]
[Date "2013.03.12"]
[Round "5.28"]
[White "Berescu,A"]
[Black "Arat,Uf"]
[Result "0-1"]
[WhiteElo "2477"]
[BlackElo "2188"]

1.e4 g6 2.d4 Bg7 3.Nc3 d6 4.Be3 c6 5.Qd2 Nd7 6.f4 Ngf6 7.Nf3 b5 8.Bd3 Nb6
9.h3 Nc4 10.Bxc4 bxc4 11.O-O d5 12.e5 Ne4 13.Nxe4 dxe4 14.Nh2 f5 15.b3 Qd5
16.Qc3 Ba6 17.Rfd1 g5 18.fxg5 h6 19.gxh6 Bxh6 20.Bxh6 Rxh6 21.Qg3 Kd7 22.Qf4 Qe6
23.Nf1 Qg6 24.Ne3 Rxh3 25.e6+ Kxe6 26.Nxf5 Qxf5 27.Qxf5+ Kxf5 28.gxh3 c3
29.Re1 Kf4 30.Kf2 Rg8 31.Re3 Rg2+ 32.Kxg2 Kxe3 33.h4 Be2 34.Kg3 Kd2 35.Rh1 Kxc2
36.h5 Bxh5 37.Rxh5 Kb2 38.Rc5 c2 39.Rxc6 c1=Q 40.Rxc1 Kxc1 41.Kf4 Kb2 42.b4 Kxa2
43.Kxe4 Kb3 44.b5 Kc4 45.Ke5 Kxb5  0-1

[Event "Karpos Open 2013"]
[Site "Skopje MKD"]
[Date "2013.03.12"]
[Round "5.94"]
[White "Aksoy,Ayca"]
[Black "Arizanov,T"]
[Result "1-0"]
[WhiteElo "1707"]
[BlackElo "2099"]

1.e4 g6 2.d4 Bg7 3.Nc3 d6 4.Nf3 Nf6 5.Be3 O-O 6.Qd2 b6 7.Bh6 c5 8.h4 Na6
9.h5 cxd4 10.Nxd4 Nc7 11.hxg6 fxg6 12.Bxg7 Kxg7 13.Qh6+ Kg8 14.Bc4+ e6 15.O-O-O Qe7
16.Qg5 Nfd5 17.Qxe7 Nxe7 18.f3 a6 19.Nde2 Rd8 20.Nf4 b5 21.Bb3 a5 22.e5 d5
23.Ne4 Ne8 24.Ng5 a4 25.Rxh7  1-0

[Event "UTD Turner GM Invitational 2013"]
[Site "Richardson USA"]
[Date "2013.03.13"]
[Round "9"]
[White "Perez de Aranda A.,LI"]
[Black "Li Ruifeng"]
[Result "0-1"]
[WhiteElo "2109"]
[BlackElo "2173"]

1.e4 g6 2.d4 Bg7 3.Nc3 d6 4.f4 Nf6 5.Nf3 O-O 6.Be2 b6 7.O-O Bb7 8.e5 Ne4
9.Nxe4 Bxe4 10.Ng5 Bb7 11.e6 f6 12.Nf7 Qc8 13.f5 Be4 14.Bd3 Qb7 15.Qg4 Bxd3
16.cxd3 Rxf7 17.fxg6 Rf8 18.Qh5 hxg6 19.Qxg6 Qd5 20.Rf3 Qxe6 21.Bh6 Qf7 22.Qe4 Bxh6
23.Qxa8 d5 24.Qxa7 e6 25.Raf1 f5 26.Rh3 Bg7 27.Rf4 Nc6 28.Qa4 Ne7 29.Qd1 Ng6
30.Qh5 Qf6 31.Rf2 Kf7 32.Rc2 Qxd4+ 33.Kf1 c5 34.Rg3 Qf6 35.d4 Rh8 36.Qe2 Qxd4
37.Rxg6 Kxg6 38.Qxe6+ Qf6 39.Qxd5 Rxh2 40.Kg1 Rh4  0-1

[Event "Karpos Open 2013"]
[Site "Skopje MKD"]
[Date "2013.03.13"]
[Round "6.31"]
[White "Videnova,I"]
[Black "Solodovnichenko,Y"]
[Result "0-1"]
[WhiteElo "2329"]
[BlackElo "2559"]

1.e4 g6 2.d4 Bg7 3.Nc3 d6 4.f4 a6 5.Nf3 Nd7 6.e5 Nh6 7.Bd3 O-O 8.O-O c5 9.Ne4 cxd4
10.exd6 Nf5 11.dxe7 Qxe7 12.Re1 Nc5 13.Nxc5 Qxc5 14.Qe2 b5 15.Bd2 Bb7 16.Ne5 Nh4
17.Nd7 Qc8 18.Nxf8 Nxg2 19.Rf1 Ne3 20.Bxe3 dxe3 21.Rf3 Bxb2 22.Rb1 Bd4 23.Nxh7 Kxh7
24.f5 Qc6 25.fxg6+ fxg6 26.Rbf1 Qxf3 27.Rxf3 Bxf3 28.Qxf3 e2+ 29.Kg2  0-1

[Event "13th European Seniors"]
[Site "Plovdiv BUL"]
[Date "2013.03.14"]
[Round "4"]
[White "Gerchikov,P"]
[Black "Henrichsen,Erland"]
[Result "0-1"]
[WhiteElo "2035"]
[BlackElo "1937"]

1.Nc3 g6 2.e4 Bg7 3.d4 d6 4.Be2 c6 5.Be3 e6 6.h4 h5 7.Qd2 Na6 8.a3 Ne7 9.Nf3 b5
10.b4 Bb7 11.Rb1 Qd7 12.O-O O-O 13.Bh6 Rad8 14.Bxg7 Kxg7  0-1

[Event "13th European Seniors"]
[Site "Plovdiv BUL"]
[Date "2013.03.15"]
[Round "5"]
[White "Batakovs,O"]
[Black "Theting,H"]
[Result "1-0"]
[WhiteElo "2123"]
[BlackElo "1978"]

1.e4 g6 2.d4 Bg7 3.Nc3 d6 4.Nf3 Bg4 5.Be2 Nd7 6.h3 Bxf3 7.Bxf3 e5 8.Be3 Ne7
9.O-O O-O 10.dxe5 Nxe5 11.Be2 N7c6 12.Qd2 Re8 13.Bg5 f6 14.Be3 Qd7 15.Rad1 Nf7
16.a3 f5 17.exf5 Qxf5 18.Bc4 Ne5 19.Bb3 Rad8 20.Ne2 Kh8 21.Ng3 Qd7 22.Ne4 Qf5
23.Ng5 Nxg5 24.Bxg5 Rd7 25.Rfe1 Rf8 26.f4 h6 27.Bh4 Qxf4 28.Qxf4 Rxf4 29.Bg3 Rdf7
30.Bxf7 Rxf7 31.b3 Kh7 32.Rf1 Re7 33.Rde1 g5 34.Re4 Kg6 35.Rf2 h5 36.Rfe2 Rf7
37.Rf2 Re7 38.Kf1 h4 39.Bxe5 Bxe5 40.c4 c5 41.Ke2 a5 42.Rf8 a4 43.bxa4 b6
44.Ra8 Kf5 45.Kd3 Ke6 46.Ra6 Rb7 47.Re1 Rf7 48.Rxb6 Ra7 49.Kc2 Rxa4 50.Kb3 Ra7
51.a4 Rf7 52.Re2 Rf1 53.a5 Rc1 54.Rc2 Ra1 55.Ra2 Rc1 56.Ka4 Kd7 57.a6 Rxc4+
58.Kb5 d5 59.a7 Bc7 60.Rc6  1-0

[Event "Karpos Open 2013"]
[Site "Skopje MKD"]
[Date "2013.03.15"]
[Round "8.56"]
[White "Peczely,S"]
[Black "Zozulia,A"]
[Result "0-1"]
[WhiteElo "2072"]
[BlackElo "2336"]

1.e4 g6 2.d4 Bg7 3.Nc3 d6 4.Be3 a6 5.Qd2 Nd7 6.f3 b5 7.g4 Bb7 8.O-O-O c5
9.Kb1 Rc8 10.h4 Qc7 11.g5 b4 12.Nce2 Nb6 13.b3 e6 14.Bh3 Ne7 15.Bf2 Nc6 16.h5 O-O
17.Nf4 Nxd4 18.Bxd4 cxd4 19.Nxe6 fxe6 20.Bxe6+ Rf7 21.hxg6 hxg6 22.Ne2 Nd7
23.Ng3 Nf8 24.Bxf7+ Kxf7 25.f4 Qc3 26.Qxc3 bxc3 27.Rd3 Ne6  0-1

[Event "TCh-CAT Div Hon 2013"]
[Site "Catalonia ESP"]
[Date "2013.03.16"]
[Round "9.8"]
[White "Colon Garcia,E"]
[Black "Fernandez Madrid,C"]
[Result "1-0"]
[WhiteElo "2337"]
[BlackElo "2160"]

1.e4 g6 2.d4 Bg7 3.Nc3 d6 4.Be3 a6 5.f4 b5 6.Nf3 Nf6 7.Bd3 O-O 8.e5 dxe5
9.fxe5 Ng4 10.Bg1 f6 11.h3 Nh6 12.Qe2 fxe5 13.dxe5 c6 14.O-O-O Qa5 15.Bc5 b4
16.Bc4+ Kh8 17.Ne4 Nf5 18.Qe1 Nd7 19.Bxb4 Qb6 20.e6 Ne5 21.Nxe5 Bxe5 22.Bc3 Bg7
23.Bxg7+ Nxg7 24.Ng5 Rb8 25.b3 Qc5 26.Qh4 Nh5 27.g4 Qe3+ 28.Kb1 Nf6 29.Rhf1 h5
30.gxh5 gxh5 31.Rxf6  1-0

[Event "TCh-CAT Div Hon 2013"]
[Site "Catalonia ESP"]
[Date "2013.03.16"]
[Round "9.1"]
[White "De la Riva Aguado,O"]
[Black "Movsziszian,K"]
[Result "1-0"]
[WhiteElo "2522"]
[BlackElo "2475"]

1.e4 g6 2.d4 Bg7 3.Nc3 d6 4.Be3 a6 5.h4 Nf6 6.f3 Nbd7 7.Qd2 b5 8.O-O-O Bb7
9.Nh3 h6 10.Nf4 e6 11.g4 Nb6 12.Qf2 Qe7 13.Bh3 Nc4 14.g5 hxg5 15.hxg5 Nh5
16.Nd3 b4 17.Ne2 a5 18.Kb1 Nxe3 19.Qxe3 Rc8 20.e5 dxe5 21.Nxe5 c5 22.Bg4 cxd4
23.Nxd4 Rc5 24.Nxe6 Rxe5 25.Nxg7+ Kf8 26.Ne6+ Qxe6 27.Qd4 Qd5 28.Qa7 Qb5
29.Rd7 Bd5 30.Qd4 Kg8 31.Rd8+ Kh7 32.Rxh8+ Kxh8 33.Qxe5+ f6 34.Qd4  1-0

[Event "Karpos Open 2013"]
[Site "Skopje MKD"]
[Date "2013.03.16"]
[Round "9.76"]
[White "Spirliadis,A"]
[Black "Soilemetzidis,K"]
[Result "1-0"]
[WhiteElo "2076"]
[BlackElo "1947"]

1.e4 g6 2.d4 Bg7 3.Nc3 d6 4.f4 Nf6 5.Nf3 O-O 6.Be2 c5 7.dxc5 Qa5 8.O-O Qxc5+
9.Kh1 Ng4 10.Nd5 Nc6 11.c3 Qa5 12.Nd4 Nf6 13.Nxc6 bxc6 14.Nxe7+ Kh8 15.Nxc8 Raxc8
16.Bf3 Qb5 17.Re1 Rcd8 18.Qb3 Qa6 19.Be3 Rb8 20.Qc2 Qb5 21.b4 a5 22.Be2 Qb7
23.Rab1 Qc7 24.a4 Rfe8 25.Bf3 Nd7 26.Bf2 f6 27.Qd3 Bf8 28.b5 Nc5 29.Bxc5 dxc5
30.bxc6 Qxc6 31.Qc4 Qc7 32.g3 Red8 33.Rxb8 Rxb8 34.e5 Re8 35.Rb1 Rb8 36.Rxb8 Qxb8
37.exf6 Qb1+ 38.Kg2 Qc2+ 39.Be2 Qd2 40.Qe6 Qxc3 41.Qf7  1-0

[Event "TCh-SWE Elite 2012-13"]
[Site "Sweden SWE"]
[Date "2013.03.16"]
[Round "8"]
[White "Kockum,A"]
[Black "Petrov,Marij"]
[Result "0-1"]
[WhiteElo "2357"]
[BlackElo "2512"]

1.d4 g6 2.e4 Bg7 3.Nc3 d6 4.Bc4 e6 5.Nf3 Ne7 6.Be3 a6 7.a4 b6 8.O-O Bb7 9.Re1 Nd7
10.Qd2 h6 11.h3 Nf6 12.d5 e5 13.Nh2 g5 14.g3 Ng6 15.Bf1 Bc8 16.Bg2 Bd7 17.Ne2 Qc8
18.g4 h5 19.f3 Nf4 20.Ng3 hxg4 21.hxg4 Ke7 22.Bxf4 gxf4 23.Nf5+ Bxf5 24.exf5 Bh6
25.a5 Bg5 26.Ra3 b5 27.Rc3 Qb7 28.Rc6 Qa7+ 29.Kh1 Bh4 30.Rxe5+ dxe5 31.d6+ Kf8
32.dxc7 Kg7 33.Bh3 Qe3 34.Qxe3 fxe3 35.Bf1 Bg3 36.g5 Nd5 37.Bd3 f6 38.Kg2 Bxh2  0-1